| 000 | 00473nab a2200145Ia 4500 | ||
|---|---|---|---|
| 003 | ES-SlBCS | ||
| 005 | 20210601133052.0 | ||
| 008 | 140529s1934 xxu||||| |||| 00| 0 ita d | ||
| 041 | _aita | ||
| 100 | 1 |
_aOlgiati, Francesco _912610 |
|
| 245 | 0 | 0 |
_aIl problema della conoscenza nella Neoscolastica italiana _c Francesco Olgiati |
| 650 | 0 | 4 |
_aNeoescolástica Italiana _9201874 |
| 773 | 0 |
_tRivista di Filosofia Neoscolastica _gvol. 26, 1934, págs. 43-160 _wRev392 |
|
| 942 | _cAR | ||
| 999 |
_c590218 _d590218 |
||